| 000 | 00549cam a22002052a 4500 | ||
|---|---|---|---|
| 001 | 016494 | ||
| 003 | AR-FADEU | ||
| 008 | 311216n1980####xxu####################dd | ||
| 092 |
_a327.101 82 _bF811 |
||
| 100 | _aFraga, Jorge Alberto | ||
| 245 | _aAspectos geópoliticos del mar argentino | ||
| 260 | _aBuenos Aires | ||
| 260 | _bMinisterio de Cultura y Educación | ||
| 260 | _c1980 | ||
| 300 | _a37 p | ||
| 440 |
_aDivulgación _n20 |
||
| 500 | _aIncluye bibliografía | ||
| 650 | _aGEOPOLITICO ARGENTINO; MAR ARGENTINO | ||
| 942 | _cBDGR | ||
| 999 |
_c22246 _d22246 |
||